[Event "2nd Kalyan Dombivali 2019"]
[Site "Kalyan"]
[Date "2019.01.31"]
[Round "5"]
[White "Vedant Nitin vekhande"]
[Black "Chhabra Aakash"]
[Result "1/2-1/2"]
[WhiteElo "1564"]
[BlackElo "1619"]
[Annotator "NA"]
[PlyCount "87"]
[EventDate "2019.01.28"]
[EventType "swiss"]
[EventRounds "10"]
[EventCountry "IND"]
[SourceTitle "playchess.com"]
[Source "ChessBase"]
[SourceQuality "1"]
[TimeControl "5400+30"]

1. e4 {[%emt 0:00:00]} e6 {[%emt 0:00:00]} 2. d4 {[%emt 0:00:00]} d5 {[%emt 0:00:00]} 3. exd5 {[%emt 0:00:00]} exd5 {[%emt 0:00:00]} 4. Nf3 {[%emt 0:00:06]} Nf6 {[%emt 0:00:00]} 5. Bd3 {[%emt 0:00:06]} Bd6 {[%emt 0:00:01]} 6. O-O {[%emt 0:00:06]} O-O {[%emt 0:00:07]} 7. Bg5 {[%emt 0:00:06]} Bg4 {[%emt 0:00:07]} 8. Nbd2 {[%emt 0:00:07]} Nbd7 {[%emt 0:00:08]} 9. c3 {[%emt 0:00:15]} c6 {[%emt 0:00:04]} 10. Qc2 {[%emt 0:00:16]} Qc7 {[%emt 0:00:05]} 11. Rae1 {[%emt 0:00:17]} Rfe8 {[%emt 0:00:24]} 12. Bh4 {[%emt 0:00:24]} Bh5 {[%emt 0:00:30]} 13. Bg3 {[%emt 0:00:07]} Bg6 {[%emt 0:00:07]} 14. Nh4 {[%emt 0:00:44]} Nf8 {[%emt 0:05:03]} 15. Ndf3 {[%emt 0:00:48]} Bxd3 {[%emt 0:03:47]} 16. Qxd3 {[%emt 0:00:36]} Ne4 {[%emt 0:00:22]} 17. Bxd6 {[%emt 0:01:09]} Qxd6 {[%emt 0:01:08]} 18. Nf5 {[%emt 0:01:14]} Qd7 {[%emt 0:01:58]} 19. Ng3 {[%emt 0:00:14]} Nxg3 {[%emt 0:01:10]} 20. hxg3 {[%emt 0:00:23]} f6 {[%emt 0:00:32]} 21. Qd2 {[%emt 0:01:06]} Ne6 {[%emt 0:05:16]} 22. Re3 {[%emt 0:00:30]} Nc7 {[%emt 0:00:51]} 23. Rfe1 {[%emt 0:00:21]} Nb5 {[%emt 0:00:50]} 24. Qd3 {[%emt 0:01:26]} Nd6 {[%emt 0:01:15]} 25. Nd2 {[%emt 0:00:13]} Rxe3 {[%emt 0:00:52]} 26. Rxe3 {[%emt 0:00:18]} Re8 {[%emt 0:00:49]} 27. f3 {[%emt 0:01:51]} Kf7 {[%emt 0:02:06]} 28. Kf2 {[%emt 0:00:38]} Rxe3 {[%emt 0:00:08]} 29. Qxe3 {[%emt 0:00:24]} Qe6 {[%emt 0:01:02]} 30. g4 {[%emt 0:00:23]} Qxe3+ {[%emt 0:01:59]} 31. Kxe3 {[%emt 0:00:08]} Ke6 {[%emt 0:00:13]} 32. Kf2 Kf7 {[%emt 0:00:30]} 33. Ke3 {[%emt 0:01:00]} Ke6 {[%emt 0:00:30]} 34. Kf2 Kf7 {[%emt 0:00:30]} 35. Ke3 {[%emt 0:01:00]} Ke6 {[%emt 0:00:30]} 36. b3 {[%emt 0:11:08]} b5 {[%emt 0:06:18]} 37. b4 {[%emt 0:05:34]} f5 {[%emt 0:03:15]} 38. gxf5+ {[%emt 0:02:45]} Nxf5+ {[%emt 0:00:20]} 39. Kf2 {[%emt 0:00:11]} Nd6 {[%emt 0:04:33]} 40. Nb3 {[%emt 0:00:32]} Nc4 {[%emt 0:00:31]} 41. Nc5+ {[%emt 0:00:12]} Ke7 {[%emt 0:00:19]} 42. Ke2 {[%emt 0:00:24]} a5 {[%emt 0:01:33]} 43. bxa5 {[%emt 0:00:58]} Nxa5 {[%emt 0:00:11]} 44. a4 {[%emt 0:00:13]} 1/2-1/2

[Event "2nd Kalyan Dombivali 2019"]
[Site "Kalyan"]
[Date "2019.01.31"]
[Round "5"]
[White "Awade Pradeep"]
[Black "Snehal, Bhosale"]
[Result "0-1"]
[WhiteElo "1538"]
[BlackElo "2135"]
[Annotator "NA"]
[PlyCount "72"]
[EventDate "2019.01.28"]
[EventType "swiss"]
[EventRounds "10"]
[EventCountry "IND"]
[SourceTitle "playchess.com"]
[Source "ChessBase"]
[SourceQuality "1"]
[TimeControl "5400+30"]

1. Nf3 {[%emt 0:00:00]} d5 {[%emt 0:00:00]} 2. g3 {[%emt 0:00:05]} Nf6 {[%emt 0:00:00]} 3. Bg2 {[%emt 0:00:02]} c6 {[%emt 0:00:18]} 4. O-O {[%emt 0:00:30]} Bg4 {[%emt 0:00:07]} 5. h3 {[%emt 0:00:29]} Bh5 {[%emt 0:00:20]} 6. d3 {[%emt 0:00:55]} Nbd7 {[%emt 0:00:15]} 7. Nbd2 {[%emt 0:01:10]} e5 {[%emt 0:00:59]} 8. e4 {[%emt 0:01:26]} Bd6 {[%emt 0:01:02]} 9. Re1 {[%emt 0:06:31]} O-O {[%emt 0:01:15]} 10. Nf1 {[%emt 0:00:36]} Re8 {[%emt 0:04:23]} 11. g4 {[%emt 0:01:51]} Bg6 {[%emt 0:00:20]} 12. Ng3 {[%emt 0:00:03]} Nc5 {[%emt 0:06:07]} 13. Bg5 {[%emt 0:04:20]} Ne6 {[%emt 0:07:55]} 14. Bh4 {[%emt 0:16:47]} Nf4 {[%emt 0:03:40]} 15. Bf1 {[%emt 0:06:25]} Bc7 {[%emt 0:06:06]} 16. Nd2 {[%emt 0:10:21]} Qd6 {[%emt 0:04:39]} 17. Nb3 $17 {[%emt 0:02:39]} Nd7 {[%emt 0:05:02]} 18. Qf3 {[%emt 0:03:53]} Bd8 {[%emt 0:07:00]} 19. Bxd8 {[%emt 0:03:31]} Raxd8 {[%emt 0:00:17]} 20. exd5 {[%emt 0:01:14]} cxd5 {[%emt 0:09:00]} 21. Ne2 {[%emt 0:02:04]} Nxe2+ {[%emt 0:01:39]} 22. Qxe2 {[%emt 0:04:15]} f6 {[%emt 0:06:39]} 23. Bg2 {[%emt 0:02:06]} Nf8 {[%emt 0:00:28]} 24. c4 {[%emt 0:06:04]} Bf7 {[%emt 0:00:33]} 25. Rec1 {[%emt 0:07:37]} Ng6 {[%emt 0:07:20]} 26. Qc2 {[%emt 0:02:59]} Nf4 {[%emt 0:00:46]} 27. Bf1 {[%emt 0:00:58]} h5 {[%emt 0:01:13]} 28. c5 {[%emt 0:01:17]} Qc7 {[%emt 0:01:24]} 29. Nd2 {[%emt 0:02:47]} hxg4 {[%emt 0:01:44]} 30. hxg4 {[%emt 0:00:02]} f5 {[%emt 0:00:20]} 31. g5 {[%emt 0:03:40]} Qe7 {[%emt 0:00:57]} 32. Nf3 {[%emt 0:00:16]} Bh5 {[%emt 0:00:10]} 33. Bg2 {[%emt 0:00:57]} e4 {[%emt 0:01:08]} 34. dxe4 {[%emt 0:00:58]} fxe4 {[%emt 0:00:20]} 35. Qd2 {[%emt 0:07:27]} Nxg2 {[%emt 0:01:22]} 36. Kxg2 {[%emt 0:00:41]} Bxf3+ 0-1

[Event "2nd Kalyan Dombivali 2019"]
[Site "Kalyan"]
[Date "2019.01.31"]
[Round "5"]
[White "Virle Kimaya"]
[Black "Ramnathan, Balasubramaniam"]
[Result "0-1"]
[WhiteElo "1391"]
[BlackElo "2191"]
[Annotator "NA"]
[PlyCount "88"]
[EventDate "2019.01.28"]
[EventType "swiss"]
[EventRounds "10"]
[EventCountry "IND"]
[SourceTitle "playchess.com"]
[Source "ChessBase"]
[SourceQuality "1"]
[TimeControl "5400+30"]

1. d4 {[%emt 0:00:00]} Nf6 {[%emt 0:00:00]} 2. c4 {[%emt 0:00:00]} e6 {[%emt 0:00:00]} 3. Nc3 {[%emt 0:00:00]} d5 {[%emt 0:00:05]} 4. Bg5 {[%emt 0:00:00]} Be7 {[%emt 0:00:26]} 5. e3 {[%emt 0:00:00]} b6 {[%emt 0:00:42]} 6. Nf3 {[%emt 0:00:37]} Bb7 {[%emt 0:00:30]} 7. cxd5 {[%emt 0:00:46]} exd5 {[%emt 0:00:58]} 8. Qa4+ {[%emt 0:04:20]} c6 {[%emt 0:00:22]} 9. Bxf6 {[%emt 0:07:14]} Bxf6 {[%emt 0:00:12]} 10. Rc1 {[%emt 0:00:05]} O-O {[%emt 0:00:32]} 11. Bd3 {[%emt 0:01:18]} Nd7 {[%emt 0:03:41]} 12. O-O {[%emt 0:07:10]} Re8 {[%emt 0:01:42]} 13. Rfd1 {[%emt 0:08:52]} a5 {[%emt 0:03:56]} 14. Qc2 {[%emt 0:07:52]} g6 {[%emt 0:00:14]} 15. Na4 {[%emt 0:02:12]} Qe7 {[%emt 0:00:47]} 16. a3 {[%emt 0:13:31]} Qd6 {[%emt 0:05:36]} 17. Bf1 {[%emt 0:09:52]} Be7 {[%emt 0:03:27]} 18. Ne5 {[%emt 0:12:40]} Nxe5 {[%emt 0:03:19]} 19. dxe5 {[%emt 0:00:34]} Qd8 {[%emt 0:00:29]} 20. f4 {[%emt 0:07:29]} Rb8 {[%emt 0:01:09]} 21. Qf2 {[%emt 0:06:15]} b5 {[%emt 0:10:49]} 22. Nc5 {[%emt 0:06:07]} Bxc5 {[%emt 0:00:08]} 23. Rxc5 {[%emt 0:00:02]} Qe7 {[%emt 0:00:08]} 24. Rc3 {[%emt 0:00:52]} f6 {[%emt 0:02:03]} 25. exf6 {[%emt 0:01:26]} Qxf6 {[%emt 0:00:07]} 26. Qd2 {[%emt 0:01:17]} Re7 {[%emt 0:03:14]} 27. Qd4 {[%emt 0:01:13]} Qf7 {[%emt 0:02:20]} 28. Bd3 {[%emt 0:01:05]} Rbe8 {[%emt 0:00:27]} 29. Bc2 {[%emt 0:00:19]} Qg7 {[%emt 0:02:19]} 30. Qxg7+ {[%emt 0:00:39]} Kxg7 {[%emt 0:00:07]} 31. Kf2 {[%emt 0:00:14]} b4 {[%emt 0:00:46]} 32. axb4 {[%emt 0:00:47]} axb4 {[%emt 0:00:07]} 33. Rb3 {[%emt 0:00:17]} c5 {[%emt 0:00:13]} 34. Rd2 {[%emt 0:00:32]} Bc6 {[%emt 0:02:25]} 35. Bd1 {[%emt 0:01:02]} Bb5 {[%emt 0:03:17]} 36. Be2 {[%emt 0:00:21]} Bc4 {[%emt 0:00:44]} 37. Bd1 {[%emt 0:00:37]} Bxb3 {[%emt 0:00:31]} 38. Bxb3 {[%emt 0:00:07]} c4 {[%emt 0:00:12]} 39. Bd1 {[%emt 0:00:17]} Rxe3 {[%emt 0:00:19]} 40. Rxd5 {[%emt 0:00:09]} Rd3 {[%emt 0:00:16]} 41. Bf3 {[%emt 0:01:39]} Rxd5 {[%emt 0:00:19]} 42. Bxd5 {[%emt 0:00:06]} c3 {[%emt 0:00:07]} 43. bxc3 {[%emt 0:00:29]} bxc3 {[%emt 0:00:07]} 44. Bb3 {[%emt 0:00:07]} Rb8 {[%emt 0:00:07]} 0-1

[Event "2nd Kalyan Dombivali 2019"]
[Site "Kalyan"]
[Date "2019.01.31"]
[Round "5"]
[White "Rajveer Pinkesh Nahar"]
[Black "Kadam Om Manish"]
[Result "0-1"]
[WhiteElo "1389"]
[BlackElo "1944"]
[Annotator "NA"]
[PlyCount "89"]
[EventDate "2019.01.28"]
[EventType "swiss"]
[EventRounds "10"]
[EventCountry "IND"]
[SourceTitle "playchess.com"]
[Source "ChessBase"]
[SourceQuality "1"]
[TimeControl "5400+30"]

1. e4 {[%emt 0:00:00]} c5 {[%emt 0:00:01]} 2. Nc3 {[%emt 0:00:15]} a6 {[%emt 0:00:29]} 3. f4 {[%emt 0:00:06]} b5 {[%emt 0:01:57]} 4. Nf3 {[%emt 0:00:33]} Bb7 {[%emt 0:00:45]} 5. d3 {[%emt 0:00:18]} e6 {[%emt 0:00:40]} 6. g3 {[%emt 0:00:13]} Nf6 {[%emt 0:00:50]} 7. Qe2 {[%emt 0:00:39]} b4 {[%emt 0:01:41]} 8. Nd1 {[%emt 0:00:08]} d5 {[%emt 0:00:37]} 9. e5 {[%emt 0:00:58]} Nfd7 {[%emt 0:00:28]} 10. Bg2 {[%emt 0:00:29]} Nc6 {[%emt 0:00:49]} 11. O-O {[%emt 0:01:24]} Qc7 {[%emt 0:00:42]} 12. Nf2 {[%emt 0:01:17]} Be7 {[%emt 0:00:59]} 13. Bd2 {[%emt 0:00:56]} a5 {[%emt 0:01:14]} 14. c3 {[%emt 0:00:53]} Ba6 {[%emt 0:02:25]} 15. Rfd1 {[%emt 0:03:33]} O-O {[%emt 0:02:29]} 16. Rac1 {[%emt 0:00:41]} Qb7 {[%emt 0:00:54]} 17. Qe1 {[%emt 0:03:29]} Nb6 {[%emt 0:01:14]} 18. b3 {[%emt 0:06:30]} bxc3 {[%emt 0:03:49]} 19. Bxc3 {[%emt 0:00:28]} Nb4 {[%emt 0:00:08]} 20. Rd2 {[%emt 0:01:24]} Qd7 {[%emt 0:02:10]} 21. a3 {[%emt 0:00:32]} Nc6 {[%emt 0:00:10]} 22. Rdd1 {[%emt 0:00:00]} Qb7 {[%emt 0:00:00]} 23. Rd2 {[%emt 0:00:58]} Qd7 {[%emt 0:01:00]} 24. Rdd1 {[%emt 0:00:00]} Qb7 {[%emt 0:00:00]} 25. Rd2 {[%emt 0:01:00]} Qd7 {[%emt 0:01:00]} 26. Ra2 {[%emt 0:09:45]} Rfb8 {[%emt 0:01:37]} 27. Rb1 {[%emt 0:06:38]} a4 {[%emt 0:06:59]} 28. b4 {[%emt 0:00:24]} cxb4 {[%emt 0:02:13]} 29. axb4 {[%emt 0:00:25]} d4 {[%emt 0:01:33]} 30. Bd2 {[%emt 0:03:02]} Bb5 {[%emt 0:02:19]} 31. Qc1 Nd5 {[%emt 0:00:17]} 32. Ne1 {[%emt 0:16:20]} Ncxb4 {[%emt 0:01:00]} 33. Bxb4 {[%emt 0:01:52]} Nxb4 {[%emt 0:01:13]} 34. Rab2 {[%emt 0:00:38]} Nd5 {[%emt 0:00:37]} 35. Nc2 {[%emt 0:00:27]} Nc3 {[%emt 0:00:16]} 36. Qe1 {[%emt 0:01:55]} Nxb1 {[%emt 0:00:38]} 37. Bxa8 {[%emt 0:00:31]} Nc3 {[%emt 0:00:36]} 38. Bf3 {[%emt 0:01:49]} Qa7 {[%emt 0:01:18]} 39. Qa1 {[%emt 0:00:54]} a3 {[%emt 0:01:39]} 40. Rb3 {[%emt 0:00:52]} Qa4 {[%emt 0:00:05]} 41. Nxd4 {[%emt 0:01:07]} Qxd4 {[%emt 0:00:11]} 42. Rxc3 {[%emt 0:00:28]} Bc5 {[%emt 0:00:01]} 43. Qe1 {[%emt 0:01:14]} Bb4 {[%emt 0:00:04]} 44. Qa1 a2 45. Rc1 0-1

[Event "2nd Kalyan Dombivali 2019"]
[Site "Kalyan"]
[Date "2019.01.31"]
[Round "5"]
[White "Yadav Aakashkumar"]
[Black "Nehete Akshay S"]
[Result "0-1"]
[WhiteElo "1381"]
[BlackElo "1788"]
[Annotator "NA"]
[PlyCount "134"]
[EventDate "2019.01.28"]
[EventType "swiss"]
[EventRounds "10"]
[EventCountry "IND"]
[SourceTitle "playchess.com"]
[Source "ChessBase"]
[SourceQuality "1"]
[TimeControl "5400+30"]

1. Nf3 {[%emt 0:00:00]} Nf6 {[%emt 0:00:00]} 2. d4 {[%emt 0:00:55]} g6 {[%emt 0:00:00]} 3. c4 {[%emt 0:00:43]} Bg7 {[%emt 0:00:02]} 4. Nc3 {[%emt 0:00:04]} O-O {[%emt 0:00:38]} 5. e4 {[%emt 0:00:03]} d6 {[%emt 0:00:06]} 6. Be2 {[%emt 0:00:07]} e5 {[%emt 0:01:25]} 7. O-O {[%emt 0:00:22]} Nc6 {[%emt 0:00:15]} 8. d5 {[%emt 0:11:14]} Ne7 {[%emt 0:00:17]} 9. b4 {[%emt 0:00:12]} a5 {[%emt 0:01:36]} 10. Ba3 {[%emt 0:00:27]} axb4 {[%emt 0:12:38]} 11. Bxb4 {[%emt 0:00:49]} Nd7 {[%emt 0:00:16]} 12. a4 {[%emt 0:00:00]} h6 {[%emt 0:14:46]} 13. Ba3 Nf6 {[%emt 0:00:00]} 14. Bb4 {[%emt 0:01:30]} Nd7 15. Nd2 {[%emt 0:15:00]} f5 {[%emt 0:01:13]} 16. f3 {[%emt 0:00:53]} c5 {[%emt 0:24:41]} 17. Ba3 {[%emt 0:10:38]} Rf7 {[%emt 0:01:28]} 18. Bc1 {[%emt 0:01:28]} f4 {[%emt 0:01:47]} 19. Nb3 {[%emt 0:01:11]} g5 {[%emt 0:01:23]} 20. g4 {[%emt 0:00:41]} Bf8 {[%emt 0:05:21]} 21. Bd2 {[%emt 0:01:39]} Rh7 {[%emt 0:03:16]} 22. Rf2 {[%emt 0:01:24]} Ng6 {[%emt 0:00:57]} 23. h3 {[%emt 0:00:24]} Be7 {[%emt 0:03:48]} 24. Be1 {[%emt 0:01:21]} Nf6 {[%emt 0:00:56]} 25. Rg2 {[%emt 0:00:40]} Kf7 {[%emt 0:01:00]} 26. Nb5 {[%emt 0:00:50]} h5 {[%emt 0:04:11]} 27. Rh2 {[%emt 0:04:13]} Qh8 {[%emt 0:01:30]} 28. Nc7 {[%emt 0:02:12]} hxg4 {[%emt 0:08:13]} 29. fxg4 {[%emt 0:02:13]} Rb8 {[%emt 0:02:17]} 30. Ne6 {[%emt 0:02:59]} Bxe6 {[%emt 0:00:20]} 31. dxe6+ {[%emt 0:00:05]} Kg7 32. Qd3 {[%emt 0:00:43]} Rh6 {[%emt 0:04:25]} 33. Ra2 {[%emt 0:02:28]} Qh7 {[%emt 0:01:05]} 34. Bf1 {[%emt 0:00:39]} Nh4 {[%emt 0:03:10]} 35. Bg2 {[%emt 0:01:31]} Nxg2 {[%emt 0:00:42]} 36. Raxg2 {[%emt 0:00:12]} Qxe4 {[%emt 0:00:25]} 37. Qxe4 {[%emt 0:01:18]} Nxe4 {[%emt 0:00:01]} 38. Re2 {[%emt 0:00:28]} Nf6 {[%emt 0:00:01]} 39. Na5 {[%emt 0:01:06]} Ne8 {[%emt 0:03:09]} 40. Rb2 {[%emt 0:00:03]} Rxe6 {[%emt 0:00:18]} 41. Nxb7 {[%emt 0:00:17]} Ra8 {[%emt 0:01:19]} 42. Ra2 {[%emt 0:01:53]} e4 {[%emt 0:00:32]} 43. a5 {[%emt 0:01:15]} Nc7 {[%emt 0:00:02]} 44. Bc3+ {[%emt 0:00:39]} Bf6 {[%emt 0:00:13]} 45. Bxf6+ {[%emt 0:00:26]} Kxf6 {[%emt 0:00:03]} 46. h4 {[%emt 0:00:18]} gxh4 {[%emt 0:01:20]} 47. Rxh4 {[%emt 0:00:02]} Na6 {[%emt 0:00:43]} 48. Rh6+ {[%emt 0:01:24]} Ke5 {[%emt 0:00:25]} 49. Rxe6+ {[%emt 0:02:21]} Kxe6 {[%emt 0:00:01]} 50. Rd2 {[%emt 0:00:08]} Ra7 {[%emt 0:02:06]} 51. Rxd6+ {[%emt 0:00:39]} Kf7 {[%emt 0:00:36]} 52. Rb6 {[%emt 0:04:59]} Ke7 {[%emt 0:00:31]} 53. Kf2 {[%emt 0:02:23]} Ra8 {[%emt 0:00:08]} 54. Nd6 {[%emt 0:01:22]} e3+ {[%emt 0:00:47]} 55. Kf3 {[%emt 0:00:13]} Nb4 {[%emt 0:00:30]} 56. Nf5+ {[%emt 0:00:59]} Kf7 {[%emt 0:00:29]} 57. g5 {[%emt 0:00:45]} Rd8 {[%emt 0:00:36]} 58. g6+ {[%emt 0:00:12]} Kg8 {[%emt 0:00:32]} 59. g7 {[%emt 0:00:44]} Nd3 60. Re6 {[%emt 0:02:24]} Kf7 {[%emt 0:00:59]} 61. Re4 {[%emt 0:14:04]} Kf6 {[%emt 0:00:03]} 62. Nd4 {[%emt 0:06:12]} cxd4 {[%emt 0:00:22]} 63. Rxd4 {[%emt 0:00:01]} Ne5+ {[%emt 0:00:32]} 64. Ke2 {[%emt 0:00:50]} Rxd4 {[%emt 0:00:38]} 65. g8=Q {[%emt 0:00:11]} Rd2+ {[%emt 0:00:11]} 66. Kf1 {[%emt 0:01:39]} Rf2+ {[%emt 0:00:17]} 67. Kg1 {[%emt 0:01:08]} Nf3+ {[%emt 0:00:02]} 0-1

[Event "2nd Kalyan Dombivali 2019"]
[Site "Kalyan"]
[Date "2019.01.31"]
[Round "5"]
[White "Vaval Aaditi"]
[Black "Shreyas Ghadi"]
[Result "0-1"]
[WhiteElo "1367"]
[BlackElo "1653"]
[Annotator "NA"]
[PlyCount "50"]
[EventDate "2019.01.28"]
[EventType "swiss"]
[EventRounds "10"]
[EventCountry "IND"]
[SourceTitle "playchess.com"]
[Source "ChessBase"]
[SourceQuality "1"]
[TimeControl "5400+30"]

1. e4 {[%emt 0:00:00]} e6 {[%emt 0:00:00]} 2. d4 {[%emt 0:00:00]} d5 {[%emt 0:00:00]} 3. e5 {[%emt 0:00:00]} c5 {[%emt 0:00:00]} 4. c3 {[%emt 0:00:00]} Nc6 {[%emt 0:00:00]} 5. Nf3 {[%emt 0:00:00]} Bd7 {[%emt 0:00:00]} 6. a3 {[%emt 0:00:41]} f6 {[%emt 0:00:18]} 7. b4 {[%emt 0:02:30]} c4 {[%emt 0:00:14]} 8. g3 {[%emt 0:03:37]} fxe5 {[%emt 0:05:34]} 9. dxe5 {[%emt 0:01:37]} Nge7 {[%emt 0:01:50]} 10. Be3 {[%emt 0:07:14]} Ng6 {[%emt 0:04:32]} 11. Bd4 {[%emt 0:01:24]} Nxd4 {[%emt 0:00:02]} 12. Qxd4 {[%emt 0:01:00]} Ne7 {[%emt 0:01:50]} 13. h4 {[%emt 0:05:00]} a5 {[%emt 0:00:34]} 14. Qd1 {[%emt 0:04:27]} axb4 {[%emt 0:07:53]} 15. cxb4 {[%emt 0:00:15]} Nc6 {[%emt 0:00:06]} 16. Nc3 {[%emt 0:06:11]} Qb8 {[%emt 0:14:13]} 17. Bh3 {[%emt 0:10:38]} Rxa3 {[%emt 0:11:26]} 18. Rxa3 {[%emt 0:01:42]} Bxb4 {[%emt 0:00:02]} 19. Ra2 {[%emt 0:02:21]} Bxc3+ {[%emt 0:00:08]} 20. Kf1 {[%emt 0:00:47]} O-O {[%emt 0:01:27]} 21. Kg2 {[%emt 0:02:17]} h6 {[%emt 0:05:20]} 22. Rc2 {[%emt 0:04:28]} Ba5 {[%emt 0:04:12]} 23. Re2 {[%emt 0:03:55]} b5 {[%emt 0:01:34]} 24. Qa1 {[%emt 0:04:34]} Qb6 {[%emt 0:01:40]} 25. Rb1 {[%emt 0:01:29]} Rxf3 {[%emt 0:00:26]} 0-1

[Event "2nd Kalyan Dombivali 2019"]
[Site "Kalyan"]
[Date "2019.01.31"]
[Round "5"]
[White "Bagwe Suneet"]
[Black "Govind Prabhu Mah"]
[Result "0-1"]
[WhiteElo "1305"]
[BlackElo "1601"]
[Annotator "NA"]
[PlyCount "102"]
[EventDate "2019.01.28"]
[EventType "swiss"]
[EventRounds "10"]
[EventCountry "IND"]
[SourceTitle "playchess.com"]
[Source "ChessBase"]
[SourceQuality "1"]
[TimeControl "5400+30"]

1. e4 {[%emt 0:00:00]} e6 {[%emt 0:00:31]} 2. d4 {[%emt 0:00:00]} d5 {[%emt 0:00:06]} 3. Nd2 {[%emt 0:00:00]} Nf6 {[%emt 0:00:38]} 4. e5 {[%emt 0:00:05]} Nfd7 {[%emt 0:00:01]} 5. Bd3 {[%emt 0:00:11]} c5 {[%emt 0:00:10]} 6. c3 {[%emt 0:00:09]} Nc6 {[%emt 0:00:04]} 7. Ne2 {[%emt 0:00:24]} cxd4 {[%emt 0:01:44]} 8. cxd4 {[%emt 0:00:07]} Qb6 {[%emt 0:00:31]} 9. Nf3 {[%emt 0:13:10]} f6 {[%emt 0:01:51]} 10. exf6 {[%emt 0:01:04]} Nxf6 {[%emt 0:00:04]} 11. O-O {[%emt 0:03:52]} Bd6 {[%emt 0:04:30]} 12. b3 {[%emt 0:18:25]} O-O {[%emt 0:01:35]} 13. Bb2 {[%emt 0:01:22]} Ng4 {[%emt 0:04:34]} 14. h3 {[%emt 0:15:41]} Rxf3 {[%emt 0:02:03]} 15. gxf3 {[%emt 0:01:35]} Nh2 {[%emt 0:00:12]} 16. f4 {[%emt 0:05:43]} Nxf1 {[%emt 0:00:26]} 17. Qxf1 {[%emt 0:00:18]} Bd7 {[%emt 0:00:20]} 18. Qg2 {[%emt 0:01:23]} Rf8 19. f5 {[%emt 0:05:56]} Qd8 {[%emt 0:30:36]} 20. Kh1 Qf6 {[%emt 0:05:35]} 21. Rg1 {[%emt 0:08:37]} exf5 {[%emt 0:04:15]} 22. Qxd5+ {[%emt 0:01:07]} Kh8 {[%emt 0:00:11]} 23. Qg2 {[%emt 0:03:58]} Nb4 {[%emt 0:02:26]} 24. Bb1 {[%emt 0:02:48]} Bc6 {[%emt 0:00:18]} 25. d5 {[%emt 0:05:11]} Qxb2 {[%emt 0:03:45]} 26. dxc6 {[%emt 0:00:03]} Nxc6 {[%emt 0:00:12]} 27. Ng3 {[%emt 0:00:52]} g6 {[%emt 0:02:45]} 28. h4 {[%emt 0:07:51]} Qd4 {[%emt 0:04:03]} 29. h5 {[%emt 0:01:10]} Qh4+ {[%emt 0:05:16]} 30. Qh2 {[%emt 0:00:09]} Qxh2+ {[%emt 0:00:11]} 31. Kxh2 {[%emt 0:00:02]} Bxg3+ {[%emt 0:00:34]} 32. Kxg3 {[%emt 0:00:20]} Kg7 {[%emt 0:00:33]} 33. Kf4 {[%emt 0:00:44]} Kf6 {[%emt 0:00:18]} 34. hxg6 {[%emt 0:00:25]} hxg6 {[%emt 0:00:02]} 35. a3 {[%emt 0:00:36]} Rd8 {[%emt 0:00:24]} 36. Ke3 {[%emt 0:02:20]} g5 {[%emt 0:01:51]} 37. f3 {[%emt 0:01:00]} Re8+ {[%emt 0:00:25]} 38. Kf2 {[%emt 0:00:21]} Nd4 39. Re1 {[%emt 0:01:56]} Rxe1 {[%emt 0:00:42]} 40. Kxe1 {[%emt 0:00:03]} Nxf3+ {[%emt 0:00:07]} 41. Kf2 {[%emt 0:00:22]} Nd4 {[%emt 0:00:06]} 42. b4 {[%emt 0:00:06]} f4 {[%emt 0:00:18]} 43. Be4 {[%emt 0:01:06]} b6 {[%emt 0:01:01]} 44. a4 {[%emt 0:00:45]} g4 {[%emt 0:00:15]} 45. a5 {[%emt 0:00:24]} b5 {[%emt 0:02:28]} 46. Bd3 {[%emt 0:00:43]} Ke5 {[%emt 0:00:11]} 47. Kg2 {[%emt 0:00:29]} a6 {[%emt 0:00:53]} 48. Kf2 {[%emt 0:00:14]} Nc6 {[%emt 0:00:30]} 49. Be2 {[%emt 0:00:45]} g3+ {[%emt 0:00:27]} 50. Kg2 {[%emt 0:00:20]} Nxb4 {[%emt 0:00:18]} 51. Bf3 {[%emt 0:00:09]} Nd5 {[%emt 0:00:25]} 0-1